000
00367nam a2200133Ia 4500
008
151001s9999||||xx |||||||||||||| ||und||
100
_a
गोयल के पवन
245
_a
भारतीय वास्तूशास्त्र
250
_a
1
260
_b
सत्साहीत्य
260
_c
2001
300
_a
140
365
_b
21
999
_c
980668
_d
980665